| 000 | 00424nam a2200169Ia 4500 | ||
|---|---|---|---|
| 008 | 230524s9999 xx 000 0 und d | ||
| 020 | _a9789381141359 | ||
| 082 |
_a624.1710151 _bBHA |
||
| 100 | _aS.S.Bhavikatti | ||
| 245 | 0 | _aMatrix Methods of Structural Analysis | |
| 250 | _a1 | ||
| 260 |
_aNew Delhi _bI.K.International _c2014 |
||
| 300 | _a174p; | ||
| 500 | _aQuantity Number: 1 | ||
| 650 | _aCivil | ||
| 942 | _cBK | ||
| 999 |
_c57884 _d57884 |
||